Kiến tạo môi trường khởi nghiệp

Tập hợp các bài phân tích và đề xuất xoay quanh chính sách thúc đẩy phát triển tinh thần khởi nghiệp tích cực, ươm tạo doanh nghiệp khởi nghiệp, cải thiện môi trường kinh doanh...

Zapisane w:
Opis bibliograficzny
1. autor: Huỳnh Thanh Điền
Format: Książka
Język:Vietnamese
Wydane: H. Thông tin và Truyền thông 2018
Hasła przedmiotowe:
Etykiety: Dodaj etykietę
Nie ma etykietki, Dołącz pierwszą etykiete!
Thư viện lưu trữ: Thư viện Trường Đại học Nam Cần Thơ
LEADER 01192nam a22002057a 4500
001 NCT_143950
008 190112b xxu||||| |||| 00| 0 vie d
999 |c 7412  |d 7412 
020 |a 9786048032012  |c 100000 
082 0 4 |2 23rd ed.  |a 658.11  |b Đ305 
100 1 |a Huỳnh Thanh Điền 
245 1 0 |a Kiến tạo môi trường khởi nghiệp  |c Huỳnh Thanh Điền 
260 |a H.  |b Thông tin và Truyền thông  |c 2018 
300 |a 110 tr.  |c 21cm 
520 3 |a Tập hợp các bài phân tích và đề xuất xoay quanh chính sách thúc đẩy phát triển tinh thần khởi nghiệp tích cực, ươm tạo doanh nghiệp khởi nghiệp, cải thiện môi trường kinh doanh... 
653 |a Quản trị kinh doanh 
942 |2 ddc  |c BK 
952 |0 0  |1 0  |2 ddc  |4 0  |6 658_110000000000000_Đ305  |7 0  |9 26630  |a 000001  |b 000001  |d 2023-01-13  |l 1  |o 658.11 Đ305  |p MD.20995  |r 2023-05-25  |s 2023-05-20  |v 100000.00  |w 2023-01-13  |y BK 
952 |0 0  |1 0  |2 ddc  |4 0  |6 658_110000000000000_Đ305  |7 0  |9 26631  |a 000001  |b 000001  |d 2023-01-13  |o 658.11 Đ305  |p MD.20996  |r 2023-01-13  |v 100000.00  |w 2023-01-13  |y BK 
980 |a Thư viện Trường Đại học Nam Cần Thơ